000 04326nab a2200397 i 4500
003 BR-BrBNA
005 20250320075134.0
008 250320b2015 bl.qr|pooa||| 00| 0 eng |
040 _aBR-BrBNA
_beng
072 _aF70
072 _aC30
100 _aZappi, Daniela C.
100 _aFilard, Fabiana L. Ranzato
100 _aLeitman, Paula
100 _aSouza, Vinícius C.
100 _aWalter, Bruno M.T.
100 _aPirani, José R.
100 _aMorim, Marli P.
100 _aQueiroz, Luciano P.
100 _aCavalcanti, Taciana B.
100 _aMansano, Vidal F.
100 _aForzza, Rafaela C.
100 _aet al.
245 _aGrowing knowledge: an overview of Seed Plant diversity in Brazil
500 _aPublicação on-line; 43 ref.; 17 tables; 5 illus.; Summaries (En, Pt)
520 _a Abstract An updated inventory of Brazilian seed plants is presented and offers important insights into the country’s biodiversity. This work started in 2010, with the publication of the Plants and Fungi Catalogue, and has been updated since by more than 430 specialists working online. Brazil is home to 32,086 native Angiosperms and 23 native Gymnosperms, showing an increase of 3% in its species richness in relation to 2010. The Amazon Rainforest is the richest Brazilian biome for Gymnosperms, while the Atlantic Rainforest is the richest one for Angiosperms. There was a considerable increment in the number of species and endemism rates for biomes, except for the Amazon that showed a decrease of 2.5% of recorded endemics. However, well over half of Brazillian seed plant species (57.4%) is endemic to this territory. The proportion of life-forms varies among different biomes: trees are more expressive in the Amazon and Atlantic Rainforest biomes while herbs predominate in the Pampa, and lianas are more expressive in the Amazon, Atlantic Rainforest, and Pantanal. This compilation serves not only to quantify Brazilian biodiversity, but also to highlight areas where there information is lacking and to provide a framework for the challenge faced in conserving Brazil’s unique and diverse flora. Key words: Angiosperms, biomes, endemism, Gymnosperms, life-forms. Resumo Um levantamento atualizado das plantas com sementes e análises relevantes acerca desta biodiversidade são apresentados. Este trabalho se iniciou em 2010 com a publicação do Catálogo de Plantas e Fungos e, desde então vem sendo atualizado por mais de 430 especialistas trabalhando online. O Brasil abriga atualmente 32.086 espécies nativas de Angiospermas e 23 espécies nativas de Gimnospermas e estes novos dados mostram um aumento de 3% da riqueza em relação a 2010. A Amazônia é o Domínio Fitogeográfico com o maior número de espécies de Gimnospermas, enquanto que a Floresta Atlântica possui a maior riqueza de Angiospermas. Houve um crescimento considerável no número de espécies e nas taxas de endemismo para a maioria dos Domínios (Caatinga, Cerrado, Floresta Atlântica, Pampa e Pantanal), com exceção da Amazônia que apresentou uma diminuição de 2,5% de endemicidade. Entretanto, a maior parte das plantas com sementes que ocorrem no Brasil (57,4%) é endêmica deste território. A proporção de formas de vida varia de acordo com os diferentes Domínios: árvores são mais expressivas na Amazônia e Floresta Atlântica do que nos outros biomas, ervas são dominantes no Pampa e as lianas apresentam riqueza expressiva na Amazônia, Floresta Atlântica e Pantanal. Este trabalho não só quantifica a biodiversidade brasileira, mas também indica as lacunas de conhecimento e o desafio a ser enfrentado para a conservação desta flora. Palavras-chave: Angiospermas, Domínios, endemismo, formas de vida, Gimnospermas.
650 _aPLANTA ANGIOSPERMA
650 _aÁRVORE GIMNOSPERMA
650 _aBIODIVERSIDADE
650 _aTAXONOMIA
650 _aBANCO DE DADOS
773 0 _0709
_9349166
_dRio de Janeiro-RJ Jardim Botanico do Rio de Janeiro 1935
_o2025-1685
_tRodriguésia (Brazil)
_x0370-6583; 2175-7860 on-line
_gv. 66(4) p. 1085-1113; (2015)
_wBR2025000258
856 _uhttps://www.scielo.br/j/rod/a/s8qy5ZLWZcyFxx9WGsh34PK/?format=pdf&lang=en
942 _cANA
999 _c330542
_d330542